000 00269 a2200121 4500
999 _c322959
_d322959
001 87886
003 NUST
082 _a808.856 SAR
100 _aSarfraz A Shah
_99736
245 _aFaqir Nagri
260 _aLahore
_bJhangir Books
_c2012
300 _a288p
942 _aCAE NUST
_cBK
_k808.856 SAR
_2ddc